000 00242nam a2200133Ia 4500
100 _a#N/A
942 _cBK
654 _astudy speaking
245 _aStudy speaking
260 _b#N/A
082 _b21633
546 _aENGLISH
999 _c25062
_d25062